فن المنظور والإظهار المعماري / (Record no. 16272)
[ view plain ]
| 000 -الفاتح | |
|---|---|
| حقل البيانات ثابتة الطول | 00987nam a22002297a 4500 |
| 003 - محدد رقم الضبط | |
| رقم الضبط | EG-ScBUE |
| 005 - وقت وتاريخ اخر تعامل مع التسجيلة | |
| رقم الضبط | 20221023095958.0 |
| 008 - عناصر البيانات ثابتة الطول - معلومات عامة | |
| حقل البيانات ثابتة الطول | 111129s1985 le o f 000 0 ara d |
| 040 ## - مصدر الفهرسة | |
| وكالة الفهرسة الأصلية | EG-ScBUE |
| لغة الفهرسة | ara |
| قواعد الوصف | rda |
| وكالة النسخ | EG-ScBUE |
| وكالة التعديل | EG-ScBUE |
| 082 04 - رقم تصنيف ديوى العشرى | |
| رقم الطبعة | 22 |
| رقم التصنيف | 742 |
| رقم المادة | ف ن م |
| 245 00 - بيان العنوان | |
| العنوان | فن المنظور والإظهار المعماري / |
| بيان المسئوليه,etc | ترجمة وإعداد سوسي إسكانيان، ربيع الحرستاني. |
| 250 ## - بيان الطبعة | |
| بيان الطبعة | طبعة ثانية، |
| بقية بيان الطبعة | مزيدة ومنقحة. |
| 264 #1 - النشر، التوزيع | |
| مكان الناشر او الموزع | بيروت : |
| اسم الناشر او الموزع | دار قابس للطباعة والنشر والتوزيع، |
| تاريخ النشر أو التوزيع | 1985. |
| 300 ## - الوصف المادى | |
| التعداد | 303 صفحة : |
| تفاصيل ماديه اخرى للوعاء | صور ؛ |
| أبعاد الوعاء | 24 سم |
| 650 #7 - المدخل الاضافى بالموضوع-مصطلح موضوعى | |
| مصطلح موضوعي أو اسم جغرافي كعنصر مدخل | الرسم الهندسي. |
| مصدر الرأس أو المصطلح | BUEsh |
| 9 (RLIN) | 27782 |
| 650 #7 - المدخل الاضافى بالموضوع-مصطلح موضوعى | |
| 9 (RLIN) | 27781 |
| مصطلح موضوعي أو اسم جغرافي كعنصر مدخل | الرسم المنظور. |
| مصدر الرأس أو المصطلح | BUEsh |
| 653 ## - مصطلح تكشيفى غير مقيد | |
| Arrived date list | November2011 |
| Resource For college | Arts and Design |
| 655 ## - مصطلح تكشيفى-نوع/شكل | |
| التقسيم الفرعي الشكلي | Reading book |
| 700 1# - المدخل الاضافى - اسم شخصى | |
| 9 (RLIN) | 27924 |
| الإسم الشخصى | اسكانيان، سوسي، |
| الدور | مترجم، |
| -- | معد. |
| 700 1# - المدخل الاضافى - اسم شخصى | |
| 9 (RLIN) | 27925 |
| الإسم الشخصى | الحرستاني، ربيع محمد نذير |
| الدور | مترجم، |
| -- | معد. |
| 942 ## - عناصر المدخل الإضافي( كوها) | |
| مصدر التصنيف او مخطط الترفيف | Dewey Decimal Classification |
| Koha [default] item type | Book - Borrowing |
| حالة التراجع | حالة الفقد | مصدر التصنيف او خطة الترفيف | حالة تلف | ليس للاعارة | مجموعات كوها | المكان الدائم | المكان الحالي | موقع الترفيف | تاريخ الاكتساب | Source of acquisition | رقم الاستدعاء | الباركود | Date last seen | مُعار | نوع الوعاء |
|---|---|---|---|---|---|---|---|---|---|---|---|---|---|---|---|
| Dewey Decimal Classification | Alef-Baa | Central Library | Central Library | Second Floor | 29/11/2011 | Purchase | 742 ف ن م | 000025738 | 15/07/2025 | 09/07/2015 | Book - Borrowing |